000 00978nam a2200289 a 4500
001 000046689
003 OSt
005 20240412074305.0
008 180319s2017 dr ac r 000 p spa d
020 _a9789945492996
040 _aDO-SdBNP
_bspa
_cBNPHU
082 4 _aRD 861.44
_bR595ve
_222
100 1 _aRisco Bermúdez, René del,
_d1937-1972
_912315
245 1 3 _aEl viento frío /
_cRené del Risco Bermudez ; diseño, Victor Vidal Pérez ; presentación Pedro Vergés.
260 _aSanto Domingo :
_bNacional,
_c2017.
300 _a89 p. :
_bil., fots. ;
_c23 cm.
490 1 _aHomenaje
_v3
500 _aIncluye datos biográficos del autor en las solapas
590 _aInventariado, 2018 /LP
650 0 _aPoesía dominicana
_966
650 0 _aLiteratura dominicana.
_967
700 1 _aVidal Pérez, Victor,
_974640
700 1 _aVerges, Pedro,
_d1945-
_912149
830 0 _aHomenaje
_v3
_929014
910 _aValidado. Control de calidad MFF
942 _2ddc
_cLBS1
999 _c46178
_d46178